LEADER 00947nam0-2200313 --450 001 9910247858403321 005 20180109124849.0 010 $a88-7078-991-8 100 $a20180108d2005----kmuy0itay5050 ba 101 1 $aita$ceng 102 $aIT 105 $ay 001yy 200 1 $a<>unicità della biologia$esull'autonomia di una disciplina scientifica$fErnst Mayr 210 $aMilano$cR. Cortina$d2005 215 $aXXI, 246 p.$d23 cm 225 1 $aScienza e idee$fcollana diretta da Giulio Giorello$v140 454 0$12001$aWhat makes biology unique?$91106751 610 0 $aFilosofia della scienza 676 $a501$v21$zita 676 $a121$v20 676 $a570.1$v21$zita 700 1$aMayr,$bErnst$064724 801 0$aIT$bUNINA$gREICAT$2UNIMARC 901 $aBK 912 $a9910247858403321 952 $aP.1 FS 402$bBibl. 2017$fFLFBC 959 $aFLFBC 996 $aWhat makes biology unique?$91106751 997 $aUNINA